[Event "TCh-TUR 2011"]
[Site "Konya TUR"]
[Date "2011.06.30"]
[Round "3"]
[White "Yasin, Hur"]
[Black "Korkmaz, Necmettin"]
[Result "0-1"]
[WhiteElo "2135"]
[BlackElo "2189"]
[WhiteTeam "Deniz Genclik S.K."]
[BlackTeam "Bursa Tophane Meslek Lisesi S.K."]
[WhiteFideId "6300170"]
[BlackFideId "6303285"]
[EventDate "2011.06.28"]

1. e4 e6 2. d4 d5 3. e5 c5 4. c3 Nc6 5. Nf3 Qb6 6. a3 Nh6 7. b4 cxd4 8. cxd4 Nf5
9. Bb2 Bd7 10. g4 Nfe7 11. Bd3 Ng6 12. Qd2 Be7 13. h4 h5 14. Bxg6 fxg6 15. Qd3
O-O 16. Rg1 Rxf3 17. Qxf3 Rf8 18. Qe3 Bxh4 19. Rg2 hxg4 20. Nd2 Rf5 21. O-O-O
Bg5 22. Qd3 Ne7 23. Rxg4 Bb5 24. Qg3 Bh6 25. Rh1 Be2 26. Rxg6 Qc6+ 27. Bc3 Rf3
28. Rxg7+ Bxg7 29. Nxf3 Qxc3+ 0-1

[Event "TCh-TUR 2011"]
[Site "Konya TUR"]
[Date "2011.06.30"]
[Round "3"]
[White "Gvetadze, Sopio"]
[Black "Kazimova, Narmin Nizami qizi"]
[Result "1-0"]
[WhiteTitle "IM"]
[BlackTitle "WIM"]
[WhiteElo "2330"]
[BlackElo "2262"]
[WhiteTeam "Bursa Tophane Meslek Lisesi S.K."]
[BlackTeam "Deniz Genclik S.K."]
[WhiteFideId "13601440"]
[BlackFideId "13402951"]
[EventDate "2011.06.28"]

1. e4 c5 2. Nf3 d6 3. d4 cxd4 4. Nxd4 Nf6 5. Nc3 a6 6. Be2 e6 7. O-O Be7 8. Be3
O-O 9. f4 Nc6 10. Kh1 Bd7 11. Nb3 Na5 12. e5 Ne8 13. Bd3 Nxb3 14. axb3 Bc6 15.
Qg4 g6 16. Ne2 Ng7 17. Nd4 Bd7 18. Bd2 Qc7 19. Ba5 Qc5 20. Bc3 b5 21. b4 Qb6 22.
Qh3 Rfd8 23. Nf3 d5 24. Bd4 Qc7 25. Qh6 Ne8 26. Ng5 Bxg5 27. fxg5 Bc6 28. Rf3 1-0

[Event "TCh-TUR 2011"]
[Site "Konya TUR"]
[Date "2011.06.30"]
[Round "3"]
[White "Topak, Engin"]
[Black "Komut, Burak"]
[Result "1-0"]
[WhiteTitle "FM"]
[WhiteElo "2306"]
[BlackElo "1980"]
[WhiteTeam "Deniz Genclik S.K."]
[BlackTeam "Bursa Tophane Meslek Lisesi S.K."]
[WhiteFideId "6300324"]
[BlackFideId "6309984"]
[EventDate "2011.06.28"]

1. e4 e5 2. Nf3 Nc6 3. d4 exd4 4. Nxd4 Bc5 5. Be3 Qf6 6. c3 Nge7 7. Bc4 Ne5 8.
Be2 Qg6 9. O-O d6 10. f4 Qxe4 11. Bf2 Bxd4 12. cxd4 N5g6 13. g3 O-O 14. Nc3 Qf5
15. d5 Qd7 16. h4 Rd8 17. h5 Nf8 18. h6 c5 19. dxc6 Nxc6 20. hxg7 Kxg7 21. Bd4+
Nxd4 22. Qxd4+ f6 23. Nd5 Qf7 24. Bh5 Ne6 25. Qc3 Qf8 26. f5 Ng5 27. Rae1 1-0

[Event "TCh-TUR 2011"]
[Site "Konya TUR"]
[Date "2011.06.30"]
[Round "3"]
[White "Donmez, Batuhan"]
[Black "Olcum, Ahmet"]
[Result "0-1"]
[WhiteElo "1849"]
[BlackElo "1920"]
[WhiteTeam "Bursa Tophane Meslek Lisesi S.K."]
[BlackTeam "Deniz Genclik S.K."]
[WhiteFideId "6326277"]
[BlackFideId "6311393"]
[EventDate "2011.06.28"]

1. e4 d6 2. d4 Nf6 3. Nc3 g6 4. Nf3 Bg7 5. h3 c6 6. Be3 O-O 7. Bd3 Nbd7 8. O-O
e5 9. Qd2 Re8 10. Rfe1 Qe7 11. Rad1 b5 12. Ne2 Bb7 13. Ng3 a6 14. c3 Rad8 15.
Qc2 Nf8 16. b3 Qc7 17. dxe5 dxe5 18. Bc5 Ne6 19. Be3 Bf8 20. Bg5 Nxg5 21. Nxg5
h5 22. Nf3 Be7 23. Re2 Nh7 24. c4 b4 25. c5 Nf8 26. Qc1 Ne6 27. Rc2 Bc8 28. Bc4
Rxd1+ 29. Qxd1 Nxc5 30. Bxf7+ Kxf7 31. Rxc5 Bxc5 32. Ng5+ Kg8 33. Nxh5 gxh5 34.
Qxh5 Rf8 35. Ne6 Bxe6 36. Qg6+ Qg7 37. Qxe6+ Kh8 0-1

[Event "TCh-TUR 2011"]
[Site "Konya TUR"]
[Date "2011.06.30"]
[Round "3"]
[White "Ustundag, Nefise Melis"]
[Black "Sanal, Suna"]
[Result "0-1"]
[WhiteElo "1695"]
[BlackElo "1685"]
[WhiteTeam "Deniz Genclik S.K."]
[BlackTeam "Bursa Tophane Meslek Lisesi S.K."]
[WhiteFideId "6325637"]
[BlackFideId "6315380"]
[EventDate "2011.06.28"]

1. Nf3 Nf6 2. g3 g6 3. Bg2 Bg7 4. d3 O-O 5. O-O c5 6. c3 Nc6 7. Nbd2 Rb8 8. a3
b5 9. Qc2 Qc7 10. Rb1 d6 11. Re1 Bd7 12. b4 Rfc8 13. Bb2 a5 14. Rec1 cxb4 15.
cxb4 axb4 16. axb4 Qb6 17. Bc3 Ng4 18. Ne4 Nce5 19. Qb2 Nxf3+ 20. Bxf3 Bxc3 21.
Rxc3 Ne5 22. Bg2 Rxc3 23. Qxc3 Rc8 24. Qd2 Kg7 25. Rc1 Rxc1+ 26. Qxc1 Qd4 27.
Qc3 Nc6 28. Qxd4+ Nxd4 29. Nc3 Nc2 30. Bb7 Nxb4 31. Kg2 Nc2 32. Nb1 b4 33. Nd2
Be6 34. Ba6 b3 35. Bc4 b2 36. Nb1 Kf6 37. Bxe6 Kxe6 38. Kf3 Kd5 39. e4+ Kd4 40.
Ke2 Nb4 41. f3 Nxd3 42. Kd2 Nb4 43. Na3 e5 44. g4 f6 45. h3 g5 0-1

[Event "TCh-TUR 2011"]
[Site "Konya TUR"]
[Date "2011.06.30"]
[Round "3"]
[White "Arutinian, David"]
[Black "Kasimdzhanov, Rustam"]
[Result "1/2-1/2"]
[WhiteTitle "GM"]
[BlackTitle "GM"]
[WhiteElo "2564"]
[BlackElo "2685"]
[WhiteTeam "Yesilkoy Spor Kulubu"]
[BlackTeam "Isek Aquamatch S.K."]
[WhiteFideId "13601741"]
[BlackFideId "14200244"]
[EventDate "2011.06.28"]

1. d4 Nf6 2. c4 g6 3. Nc3 d5 4. cxd5 Nxd5 5. Bd2 Bg7 6. e4 Nxc3 7. Bxc3 c5 8. d5
Bxc3+ 9. bxc3 O-O 10. Qd2 Qd6 11. Nf3 Bg4 12. Ng1 Bc8 13. Nf3 Bg4 14. Ng1 1/2-1/2

[Event "TCh-TUR 2011"]
[Site "Konya TUR"]
[Date "2011.06.30"]
[Round "3"]
[White "Kanli, Kaan"]
[Black "Aydogdu, Erkmen"]
[Result "0-1"]
[WhiteElo "1919"]
[BlackElo "2031"]
[WhiteTeam "Isek Aquamatch S.K."]
[BlackTeam "Yesilkoy Spor Kulubu"]
[WhiteFideId "6309836"]
[BlackFideId "6303064"]
[EventDate "2011.06.28"]

1. e4 c5 2. Nf3 e6 3. d4 cxd4 4. Nxd4 Nf6 5. Nc3 d6 6. Be3 Be7 7. f3 a6 8. Qd2
Qc7 9. g4 Nc6 10. O-O-O b5 11. Nxc6 Qxc6 12. Ne2 Bb7 13. Nd4 Qc7 14. g5 Nd7 15.
h4 d5 16. Bd3 Ne5 17. Qg2 Nxd3+ 18. Rxd3 dxe4 19. fxe4 Qe5 20. Qh2 Qxh2 21. Rxh2
Bxe4 22. Rdd2 O-O 23. Nb3 Bd5 24. Bf4 Rac8 25. Rhe2 Rfd8 26. Be5 Rc4 27. Rd4
Rxd4 28. Nxd4 f6 29. gxf6 gxf6 30. Bg3 Kf7 31. Nb3 h5 32. Nd2 Rg8 33. Be1 f5 34.
a4 Rg1 35. axb5 axb5 36. Nb1 Bxh4 0-1

[Event "TCh-TUR 2011"]
[Site "Konya TUR"]
[Date "2011.06.30"]
[Round "3"]
[White "Yigit, Aleyna"]
[Black "Alev, Gonulden Seda"]
[Result "0-1"]
[WhiteElo "1732"]
[BlackElo "1605"]
[WhiteTeam "Isek Aquamatch S.K."]
[BlackTeam "Yesilkoy Spor Kulubu"]
[WhiteFideId "6300235"]
[BlackFideId "6301428"]
[EventDate "2011.06.28"]

1. e4 c5 2. Nf3 d6 3. d4 cxd4 4. Nxd4 Nf6 5. Nc3 a6 6. Bg5 e6 7. Be2 Be7 8. Qd3
Qc7 9. O-O Nbd7 10. a4 Ne5 11. Qg3 O-O 12. f4 Nc6 13. Nxc6 bxc6 14. Bxf6 Bxf6
15. e5 Be7 16. Ne4 Bf6 17. Nc3 Be7 18. Ne4 f5 19. Ng5 Bxg5 20. Qxg5 dxe5 21. Ra3
e4 22. Rh3 Rf6 23. Rd1 Bd7 24. Bh5 Be8 25. Bxe8 Rxe8 26. Qh5 g6 27. Qg5 Ref8 28.
Rg3 Qb6+ 29. Kf1 Qxb2 30. c3 Qb7 31. h4 a5 32. h5 Qg7 33. Rd6 Qc7 34. Rd4 Qb7
35. Rd1 Qg7 36. Rd6 Qc7 37. Rd4 c5 38. Rd1 Qb7 39. Qh6 Qg7 40. Qxg7+ Kxg7 41.
hxg6 hxg6 42. Rd6 e5 43. Rd5 exf4 44. Rh3 Rc6 45. Rd7+ Rf7 46. Rh7+ Kxh7 47.
Rxf7+ Kh6 48. Ra7 Kg5 49. Rxa5 Kg4 50. Rb5 Kg3 51. a5 g5 52. Rb6 Rc7 53. Rf6 Ra7
54. Rxf5 Rxa5 55. Rxg5+ Kh4 56. Re5 e3 57. Ke2 Ra2+ 58. Kf3 Rf2+ 59. Ke4 e2 60.
Kd3 Rxg2 61. Kd2 f3 62. Rxc5 Rg1 63. Re5 Rd1+ 0-1

[Event "TCh-TUR 2011"]
[Site "Konya TUR"]
[Date "2011.06.30"]
[Round "3"]
[White "Haznedaroglu, Kivanc"]
[Black "Secer, Ata"]
[Result "1-0"]
[WhiteTitle "GM"]
[BlackTitle "FM"]
[WhiteElo "2444"]
[BlackElo "2329"]
[WhiteTeam "Adana Truva Satranc S.K."]
[BlackTeam "Manisa Doruk Koleji S.K."]
[WhiteFideId "6300634"]
[BlackFideId "6303293"]
[EventDate "2011.06.28"]

1. e4 e6 2. d4 d5 3. Nc3 Bb4 4. e5 c5 5. a3 Bxc3+ 6. bxc3 Ne7 7. h4 Bd7 8. h5 h6
9. Qg4 Kf8 10. Rh3 Qa5 11. Bd2 Qa4 12. Bd3 Nbc6 13. Rg3 Rg8 14. Nf3 Nf5 15. dxc5
Qa5 16. c4 Qxc5 17. cxd5 Qxd5 18. Bb4+ Nxb4 19. Qxb4+ Ke8 20. Bxf5 exf5 21. Rd1
Qe4+ 22. Qxe4 fxe4 23. Nd2 Rc8 24. Nxe4 Rxc2 25. Nf6+ 1-0

[Event "TCh-TUR 2011"]
[Site "Konya TUR"]
[Date "2011.06.30"]
[Round "3"]
[White "Shimanov, Aleksandr"]
[Black "Vovk, Andrey"]
[Result "1-0"]
[WhiteTitle "GM"]
[BlackTitle "GM"]
[WhiteElo "2583"]
[BlackElo "2545"]
[WhiteTeam "Manisa Doruk Koleji S.K."]
[BlackTeam "Adana Truva Satranc S.K."]
[WhiteFideId "4198603"]
[BlackFideId "14114470"]
[EventDate "2011.06.28"]

1. g3 Nf6 2. Bg2 g6 3. e4 d6 4. f4 Bg7 5. Nc3 c5 6. Nf3 Nc6 7. d3 O-O 8. h3 Rb8
9. O-O b5 10. a3 a5 11. Be3 Nd7 12. Rb1 Nd4 13. g4 b4 14. axb4 Nxf3+ 15. Bxf3
Bd4 16. Qd2 Bxe3+ 17. Qxe3 cxb4 18. Ne2 Qc7 19. f5 Qc5 20. d4 Qxc2 21. Rfc1 Qa4
22. Nf4 Bb7 23. Bd1 Qb5 24. Bb3 Kg7 25. fxg6 hxg6 26. Rc7 Rbc8 27. Bc4 Qb6 28.
Bb3 Qb5 29. Bc4 Qb6 30. Rxd7 Rxc4 31. Rc7 Qb5 32. Rd7 Qb6 33. Rxe7 Bc8 34. Rd1
Qd8 35. Nh5+ Kh7 36. Qg5 Rc7 37. Nf6+ Kg7 38. Rxc7 Qxc7 39. Rf1 Qb6 40. Nh5+ Kh7
41. Nf6+ Kg7 42. Ne8+ Rxe8 43. Qf6+ Kh6 44. g5+ Kh5 45. Qg7 1-0

[Event "TCh-TUR 2011"]
[Site "Konya TUR"]
[Date "2011.06.30"]
[Round "3"]
[White "Patel, Yesim"]
[Black "Sop, Selen"]
[Result "1-0"]
[BlackTitle "WCM"]
[WhiteElo "1804"]
[BlackElo "1995"]
[WhiteTeam "Manisa Doruk Koleji S.K."]
[BlackTeam "Adana Truva Satranc S.K."]
[WhiteFideId "6300200"]
[BlackFideId "6300278"]
[EventDate "2011.06.28"]

1. e4 c5 2. Nf3 d6 3. d4 cxd4 4. Qxd4 a6 5. c4 Nc6 6. Qe3 g6 7. h3 Bg7 8. Be2
Nf6 9. O-O O-O 10. Rd1 Qc7 11. Nc3 Be6 12. Rb1 Rac8 13. b3 Nd7 14. Nd5 Qb8 15.
Bb2 b5 16. Bxg7 Kxg7 17. Nd4 Bxd5 18. exd5 Nxd4 19. Qxd4+ Nf6 20. cxb5 axb5 21.
a4 bxa4 22. bxa4 Qc7 23. Bb5 Qc2 24. Rb2 Qf5 25. Bc6 Rb8 26. Re2 Rb3 27. Rxe7
Kg8 28. Re3 Rfb8 29. Rxb3 Rxb3 30. a5 Ra3 31. Qb6 Ra2 32. a6 Ne4 33. Rf1 Nd2 34.
Re1 Qg5 35. Kh1 Qh4 36. a7 Nf3 37. gxf3 Rxf2 38. a8=Q+ Kg7 39. Qa1+ Kh6 40. Qe3+
Kh5 41. f4 f5 42. Qg7 h6 43. Be8 Rh2+ 44. Kxh2 Qxf4+ 45. Kh1 1-0

[Event "TCh-TUR 2011"]
[Site "Konya TUR"]
[Date "2011.06.30"]
[Round "3"]
[White "Yuksel, Atilla Koksal"]
[Black "Diril, Dogus"]
[Result "1/2-1/2"]
[WhiteTitle "CM"]
[WhiteElo "2035"]
[BlackElo "1612"]
[WhiteTeam "Adana Truva Satranc S.K."]
[BlackTeam "Manisa Doruk Koleji S.K."]
[WhiteFideId "6306667"]
[BlackFideId "6324240"]
[EventDate "2011.06.28"]

1. e4 e6 2. d4 d5 3. Nc3 Bb4 4. e5 c5 5. Bd2 Ne7 6. Nb5 Bxd2+ 7. Qxd2 O-O 8.
dxc5 Nbc6 9. Nf3 f6 10. exf6 Rxf6 11. O-O-O a6 12. Nbd4 Qc7 13. Nxc6 Nxc6 14.
Nd4 Nxd4 15. Qxd4 Bd7 16. Bd3 Rc8 17. g3 Qxc5 18. Qxc5 Rxc5 19. f4 Bb5 20. Rhe1
Bxd3 21. Rxd3 Kf7 22. Kd2 g6 23. b3 b5 24. Rc3 Rxc3 25. Kxc3 Ke7 26. Kb4 Rf8 27.
Re3 Rc8 28. c3 Kd6 29. Ka5 Rc6 30. g4 Kd7 31. Rh3 Kd6 32. Kb4 Rc7 33. Rf3 e5 34.
fxe5+ Kxe5 35. g5 Rc6 36. Rf7 Ke4 37. Rxh7 a5+ 38. Kxa5 Rxc3 39. Re7+ Kd3 40.
Kxb5 d4 41. Rd7 Ke3 42. Kb4 Rc2 43. a4 d3 44. a5 d2 45. a6 Ke2 46. Kb5 d1=Q 47.
Rxd1 Kxd1 48. b4 Ra2 49. Kb6 Kc2 50. b5 Kb3 51. Kb7 Kb4 52. b6 Kb5 53. a7 Rxh2
54. a8=N Rh7+ 55. Nc7+ Kc5 56. Ka6 Kc6 57. Nb5 Rh2 58. Nd4+ Kd5 59. Nb5 Kc6 60.
Na7+ Kd5 1/2-1/2

[Event "TCh-TUR 2011"]
[Site "Konya TUR"]
[Date "2011.06.30"]
[Round "3"]
[White "Inarkiev, Ernesto"]
[Black "Galkin, Alexander"]
[Result "1-0"]
[WhiteTitle "GM"]
[BlackTitle "GM"]
[WhiteElo "2679"]
[BlackElo "2598"]
[WhiteTeam "Istanbul Teknik Universitesi S.K."]
[BlackTeam "Celikkol Turizm Pamukkale Universitesi S.K."]
[WhiteFideId "4162722"]
[BlackFideId "4120426"]
[EventDate "2011.06.28"]

1. e4 c5 2. Nf3 e6 3. d4 cxd4 4. Nxd4 Nf6 5. Nc3 Nc6 6. Nxc6 bxc6 7. e5 Nd5 8.
Ne4 Qc7 9. f4 Qb6 10. c4 Bb4+ 11. Ke2 f5 12. exf6 Nxf6 13. Be3 Qa5 14. Nxf6+
gxf6 15. Kf2 O-O 16. Bd3 Rf7 17. a3 Bc5 18. Re1 Rg7 19. Qc1 Bb7 20. b4 Bxe3+ 21.
Rxe3 Qc7 22. Rg3 c5 23. Qe3 f5 24. Rxg7+ Kxg7 25. Rg1 h5 26. h3 Kf7 27. Be2 cxb4
28. Bxh5+ Ke7 29. Qd4 Rg8 30. axb4 a5 31. b5 Qd6 32. Qe3 a4 33. c5 Qd5 34. Bf3
Qa2+ 35. Qe2 Qxe2+ 36. Kxe2 Bxf3+ 37. Kxf3 Rc8 38. Rc1 a3 39. Ke3 a2 40. Kd4 Rg8
41. Ra1 Rxg2 42. b6 Rf2 43. Kc3 Kd8 44. Kb3 Rf3+ 45. Kxa2 Rc3 46. Kb2 Rxc5 47.
Ra8+ Ke7 48. Ra3 Rc8 49. Rb3 d6 50. Ka3 Kd7 51. Kb4 e5 52. b7 Rb8 53. Ka5 e4 54.
Kb6 d5 55. Rc3 d4 56. Rc4 1-0

[Event "TCh-TUR 2011"]
[Site "Konya TUR"]
[Date "2011.06.30"]
[Round "3"]
[White "Erdogan, Hakan"]
[Black "Reyhan, Dogan Heval"]
[Result "1/2-1/2"]
[WhiteTitle "FM"]
[BlackTitle "FM"]
[WhiteElo "2235"]
[BlackElo "2343"]
[WhiteTeam "Istanbul Teknik Universitesi S.K."]
[BlackTeam "Celikkol Turizm Pamukkale Universitesi S.K."]
[WhiteFideId "6300359"]
[BlackFideId "6301290"]
[EventDate "2011.06.28"]

1. d4 e6 2. c4 Nf6 3. Nc3 c5 4. d5 d6 5. e4 exd5 6. cxd5 g6 7. Nf3 Bg7 8. h3 a6
9. a4 Nbd7 10. Bd3 Nh5 11. Bg5 Bf6 12. Bh6 Ne5 13. Be2 Nxf3+ 14. Bxf3 Ng7 15.
O-O O-O 16. Qd2 Re8 17. Rfe1 Rb8 18. Be2 Be5 19. Be3 Bxc3 20. Qxc3 Rxe4 21. Bd3
Rb4 22. Bh6 Rd4 23. Re4 Nf5 24. Bf4 Rxd5 25. g4 Nh4 26. Bc4 Rd4 27. Rxd4 cxd4
28. Qb3 Qf6 29. Qg3 Nf3+ 30. Qxf3 g5 31. Qe4 Qxf4 32. Qe8+ Kg7 33. Re1 d5 34.
Bd3 Bxg4 35. Qe5+ Qxe5 36. Rxe5 Be6 37. Rxg5+ Kf6 38. Rg3 h6 39. Kf1 Rc8 40. Ke2
Rc1 41. Kd2 Ra1 42. Bc2 b5 43. axb5 axb5 44. Rb3 Ra5 45. h4 Ke5 46. Bd3 Bd7 47.
Be2 Ra6 48. Bxb5 Rb6 49. Ba4 Rxb3 50. Bxb3 Ke4 51. Bd1 d3 52. Bh5 f5 53. b3 Bb5
54. Bg6 Bd7 55. Bh5 Bb5 56. Bg6 Ba6 57. Bh5 Kd4 58. Bf3 Kc5 59. Bg2 Bb5 60. Bf3
Kd4 61. Bg2 Be8 62. Bf1 Bb5 63. Bg2 Ba6 64. Bf3 Bb5 65. Bg2 Kc5 66. Bh3 f4 67.
Be6 Kd4 68. Bf5 Ba6 69. Bg6 Bb5 70. Bf5 Ba6 71. Bg6 Bb5 72. Bf5 1/2-1/2

[Event "TCh-TUR 2011"]
[Site "Konya TUR"]
[Date "2011.06.30"]
[Round "3"]
[White "Salepci, Osman Firat"]
[Black "Kinsiz, Onur"]
[Result "1/2-1/2"]
[WhiteElo "2154"]
[BlackElo "2184"]
[WhiteTeam "Celikkol Turizm Pamukkale Universitesi S.K."]
[BlackTeam "Istanbul Teknik Universitesi S.K."]
[WhiteFideId "6302343"]
[BlackFideId "6301517"]
[EventDate "2011.06.28"]

1. e4 c5 2. c3 d5 3. exd5 Qxd5 4. d4 Nf6 5. Nf3 Bg4 6. Nbd2 Nc6 7. Bc4 Bxf3 8.
Qb3 Na5 9. Qb5+ Qd7 10. Nxf3 Nxc4 11. Qxc4 cxd4 12. Nxd4 e5 13. Qe2 O-O-O 14.
Nf3 Bd6 15. Bg5 Qf5 16. Be3 Kb8 17. O-O-O Qe6 18. Kb1 Ng4 19. Bg5 f6 20. Bc1 Bc5
21. Be3 Qf5+ 22. Ka1 Nxe3 23. fxe3 Qe4 24. Rhe1 Qxe3 25. Qc2 Qe4 1/2-1/2

[Event "TCh-TUR 2011"]
[Site "Konya TUR"]
[Date "2011.06.30"]
[Round "3"]
[White "Morgul, Elcin"]
[Black "Ozturk, Hilal"]
[Result "0-1"]
[WhiteElo "1723"]
[BlackElo "1765"]
[WhiteTeam "Celikkol Turizm Pamukkale Universitesi S.K."]
[BlackTeam "Istanbul Teknik Universitesi S.K."]
[WhiteFideId "6300251"]
[BlackFideId "6315330"]
[EventDate "2011.06.28"]

1. e4 e5 2. Nf3 Nc6 3. d4 exd4 4. Nxd4 Nf6 5. Nxc6 bxc6 6. e5 Qe7 7. Qe2 Nd5 8.
c4 Ba6 9. b3 g6 10. Nd2 Bg7 11. Bb2 O-O 12. g3 Rfe8 13. f4 f6 14. Nf3 fxe5 15.
fxe5 d6 16. Nd4 Bxe5 17. Nxc6 Bc3+ 18. Bxc3 Qxe2+ 19. Bxe2 Nxc3 20. Kd2 Nxe2 21.
Rhe1 Bb7 22. Nxa7 Rxa7 23. Rxe2 Rxe2+ 24. Kxe2 Kf7 25. Kd3 Ra3 26. Rf1+ Ke6 27.
Rf2 Ra5 28. Kc3 Rf5 29. Re2+ Re5 30. Rf2 c5 31. Kb2 Re3 32. Ka3 Bc6 33. Rd2 g5
34. Kb2 g4 35. Ka3 h5 36. Rf2 Bf3 37. Ka4 Re2 38. Rxe2+ Bxe2 39. Kb5 Bf3 40. Kb6
Ke5 41. Kc7 d5 42. cxd5 Bxd5 43. Kd7 Ke4 44. Kd6 c4 45. bxc4 Bxc4 0-1

[Event "TCh-TUR 2011"]
[Site "Konya TUR"]
[Date "2011.06.30"]
[Round "3"]
[White "Bal, Sevgican"]
[Black "Yolal, Sena Gokcen"]
[Result "1/2-1/2"]
[WhiteElo "1610"]
[BlackElo "1653"]
[WhiteTeam "Celikkol Turizm Pamukkale Universitesi S.K."]
[BlackTeam "Istanbul Teknik Universitesi S.K."]
[WhiteFideId "6324894"]
[BlackFideId "6337031"]
[EventDate "2011.06.28"]

1. d4 Nf6 2. Nf3 g6 3. Bg5 Bg7 4. Nbd2 c5 5. e3 O-O 6. Bd3 Nc6 7. c3 cxd4 8.
exd4 d6 9. O-O e5 10. Bb5 Qc7 11. dxe5 dxe5 12. Re1 Bg4 13. h3 Bxf3 14. Nxf3
Rad8 15. Qa4 Rde8 16. Rad1 Nd7 17. Qg4 Nb6 18. Qh4 f6 19. Be3 Rd8 20. Bc5 Rxd1
21. Rxd1 Rd8 22. Rxd8+ Qxd8 23. Bxc6 bxc6 24. Qb4 Bh6 25. Bxb6 Qd1+ 26. Kh2 Bf4+
27. g3 Qxf3 28. Bxa7 Bg5 29. Qb8+ Kf7 30. Qc7+ Ke6 31. Qc8+ Kd6 32. Qd8+ Ke6 33.
Qc8+ Kd6 34. Qf8+ Kd5 35. Qc5+ Ke6 36. Qc4+ Qd5 37. Qxd5+ Kxd5 38. a4 Kc4 39. a5
Kb5 40. Bb6 Ka6 41. b3 Bd2 42. b4 Bxc3 43. Bc5 Bd4 44. Be7 e4 45. Kg2 Bc3 46.
Kh2 Bd4 47. Kg2 c5 48. bxc5 Kxa5 49. Kf1 Kb5 50. Ke2 f5 51. f3 Bxc5 52. Bg5 Kc4
53. f4 Bb6 54. Bf6 Bd4 55. Bd8 Bg1 56. Kf1 Bc5 57. Ke2 Kb3 58. Ba5 Kc2 59. Bc7
h6 60. Bd8 Bd4 61. Be7 1/2-1/2

[Event "TCh-TUR 2011"]
[Site "Konya TUR"]
[Date "2011.07.01"]
[Round "4"]
[White "Kulaots, Kaido"]
[Black "Galkin, Alexander"]
[Result "1/2-1/2"]
[WhiteTitle "GM"]
[BlackTitle "GM"]
[WhiteElo "2607"]
[BlackElo "2598"]
[WhiteTeam "Gazi Universitesi S.K."]
[BlackTeam "Celikkol Turizm Pamukkale Universitesi S.K."]
[WhiteFideId "4500261"]
[BlackFideId "4120426"]
[EventDate "2011.06.28"]

1. e4 c6 2. d4 d5 3. Nc3 dxe4 4. Nxe4 Bf5 5. Ng3 Bg6 6. h4 h6 7. Nf3 Nd7 8. h5
Bh7 9. Bd3 Bxd3 10. Qxd3 e6 11. Bd2 Ngf6 12. O-O-O Qc7 13. Ne4 O-O-O 14. g3 Be7
15. Nxf6 Nxf6 16. Qe2 Rhe8 17. Kb1 Ng4 18. Bf4 Bd6 19. Bxd6 Rxd6 20. Ne5 Nxe5
21. dxe5 1/2-1/2

[Event "TCh-TUR 2011"]
[Site "Konya TUR"]
[Date "2011.07.01"]
[Round "4"]
[White "Odeev, Handszar"]
[Black "Durarbeyli, Vasif"]
[Result "1/2-1/2"]
[WhiteTitle "GM"]
[BlackTitle "GM"]
[WhiteElo "2405"]
[BlackElo "2511"]
[WhiteTeam "Celikkol Turizm Pamukkale Universitesi S.K."]
[BlackTeam "Gazi Universitesi S.K."]
[WhiteFideId "14000091"]
[BlackFideId "13402935"]
[EventDate "2011.06.28"]

1. e4 c6 2. d4 d5 3. e5 Bf5 4. Nd2 e6 5. Nb3 Nd7 6. Ne2 Qc7 7. Ng3 Bg6 8. f4 h5
9. Bd3 Bxd3 10. Qxd3 c5 11. dxc5 Bxc5 12. Bd2 Ne7 13. O-O-O Rc8 14. Kb1 Bb6 15.
Bb4 Qc4 16. Bxe7 Qxd3 17. cxd3 Kxe7 18. d4 g6 19. Ne2 Nb8 20. Nd2 Nc6 21. Nf3
Kd7 22. Rc1 Bd8 23. Rhd1 Be7 24. Rd3 Na5 25. Rxc8 Rxc8 26. Rc3 Rb8 27. Nc1 Nc4
28. Nd3 Rc8 29. Rc1 Rc6 30. g3 b6 31. b3 Ne3 32. Rxc6 Kxc6 33. Kc1 Nf5 34. Kd2
Kb5 35. Kc3 Nh6 36. a4+ Ka5 37. Nfe1 Ng4 38. Nf3 Nh6 39. Nfe1 1/2-1/2

[Event "TCh-TUR 2011"]
[Site "Konya TUR"]
[Date "2011.07.01"]
[Round "4"]
[White "Can, Emre"]
[Black "Reyhan, Dogan Heval"]
[Result "0-1"]
[WhiteTitle "GM"]
[BlackTitle "FM"]
[WhiteElo "2487"]
[BlackElo "2343"]
[WhiteTeam "Gazi Universitesi S.K."]
[BlackTeam "Celikkol Turizm Pamukkale Universitesi S.K."]
[WhiteFideId "6302181"]
[BlackFideId "6301290"]
[EventDate "2011.06.28"]

1. e4 c5 2. c3 d5 3. exd5 Qxd5 4. d4 g6 5. Nf3 Bg7 6. Na3 cxd4 7. Bc4 Qe4+ 8.
Be3 Nh6 9. cxd4 O-O 10. O-O Bg4 11. Ng5 Qxe3 12. fxe3 Bxd1 13. Raxd1 Nc6 14. Nb5
Nf5 15. Rf3 Bh6 16. Nxf7 Bxe3+ 17. Kh1 Kg7 18. g4 Nfxd4 19. Rxe3 Nxb5 20. Ng5
Nbd4 21. Bd5 Rf2 22. b4 a6 23. a4 h6 24. Ne4 Rb2 25. Nc5 Rxb4 26. Nxb7 Rxb7 27.
Rxd4 Rb1+ 28. Kg2 Nxd4 29. Bxa8 Rb2+ 30. Kg3 Kf6 31. Bd5 e6 32. Bc4 Rb4 33. Bxa6
Rxa4 34. Bb7 Rb4 35. Re4 Rb3+ 36. Kg2 Rb2+ 37. Kh3 e5 38. Bd5 Rb5 39. Bc4 Rc5
40. Ba6 Rc6 41. Bb7 Rb6 42. Bd5 Rb5 43. Bc4 Rb2 44. Re3 Rc2 45. Bd5 Ne2 46. Bf3
Rc3 47. Rxe2 Rxf3+ 48. Kg2 Rf4 49. Kg3 Ke6 50. Ra2 Rd4 51. Kf3 e4+ 52. Ke3 Ke5
53. Ra6 Rd3+ 54. Kf2 Rd6 55. Ra8 Kf4 56. Rh8 Rd2+ 57. Kg1 Kf3 58. h3 e3 59. Rf8+
Kg3 60. Kf1 Rf2+ 0-1

[Event "TCh-TUR 2011"]
[Site "Konya TUR"]
[Date "2011.07.01"]
[Round "4"]
[White "Ozen, Ali"]
[Black "Soylu, Suat"]
[Result "0-1"]
[BlackTitle "IM"]
[WhiteElo "1688"]
[BlackElo "2416"]
[WhiteTeam "Celikkol Turizm Pamukkale Universitesi S.K."]
[BlackTeam "Gazi Universitesi S.K."]
[WhiteFideId "6307132"]
[BlackFideId "6300065"]
[EventDate "2011.06.28"]

1. e4 c5 2. Nf3 a6 3. c4 e6 4. d4 cxd4 5. Nxd4 Nf6 6. Nc3 d6 7. Bd3 Be7 8. O-O
O-O 9. b3 b6 10. Bb2 Bb7 11. Qe1 Nbd7 12. Rd1 Qc7 13. Bb1 Rfe8 14. f4 g6 15. f5
Bf8 16. fxg6 hxg6 17. Qh4 Be7 18. Qh3 Qc5 19. Rf4 Kg7 20. Na4 Qg5 21. Rdf1 e5
22. Nf3 Qxf4 23. Bc1 Rh8 24. Qxh8+ Rxh8 25. Bxf4 exf4 26. Ng5 Rh5 27. Nh3 Bxe4
28. Bxe4 Nxe4 29. Nxf4 Rf5 30. Nd5 Rxf1+ 31. Kxf1 Bd8 32. Ke2 Nec5 33. Nac3 f5
34. Ke3 Kf7 35. b4 Ne6 36. a4 Ne5 37. b5 Nxc4+ 38. Kd3 Ne5+ 39. Ke2 a5 40. h3
Nc5 0-1